000 01480nam a2200373 i 4500
001 25495
003 KOSZ 005
005 20250517063447.0
008 070608s1971 pl a f 001 0 pol
015 _aPB 1972/879
040 _aWA N
_cWA N
_dKOSZ 005/RW
041 1 _apol
_hrus
080 _a62-5
100 1 _aZalmanzon, Lev Abramovič.
_eAutor
245 1 0 _aTeoria elementów stosowanych w technice strumieniowej /
_cL. A. Zalmanzon ; tłumaczenie T. Gałązka, J. Jacewicz, A. Szawłowski.
246 1 _iTytuł oryginału:
_aTeoriâ èlementov pnevmoniki.
260 _aWarszawa :
_bWydawnictwa Naukowo-Techniczne,
_c1971.
300 _a378, [1] stron :
_bilustracje ;
_c24 cm.
336 _aTekst
_btxt
_2rdacontent
337 _aBez urządzenia pośredniczącego
_bn
_2rdamedia
338 _aWolumin
_bnc
_2rdacarrier
380 _aKsiążki.
504 _aBibliografia na stronach 364-[376]. Indeks.
658 _aInżynieria i technika
650 4 _aUrządzenia
650 4 _aMaszyny i narzędzia pneumatyczne
650 4 _aTechnika strumieniowa
700 1 _aGałązka, Tadeusz
_c(automatyka i robotyka).
_eTłumaczenie
700 1 _aJacewicz, Jan.
_eTłumaczenie
700 1 _aSzawłowski, Andrzej
_eTłumaczenie
710 2 _aWydawnictwa Naukowo-Techniczne
_4pbl.
856 _uhttp://koha.tu.koszalin.pl/cgi-bin/koha/opac-detail.pl?biblionumber=25495
_yKatalog online BPK
942 _2UKD
_cKS
999 _c25495
_d25495